000 00432cam a22001337a 4500
008 180718b1983 xxu||||| |||| 00| 0 eng d
082 _aAPPPA 82-83 BHA
100 _aBhatnagar, Hargobind Prasad
245 _aStudy in crime and development in Rajasthan
_cby Hargobind Prasad Bhatnagar
260 _aNew Delhi
_bIndian Institute of Public Administration
_c1983
300 _a55p.
650 _aDevelopment-Rajasthan
650 _aCrime
999 _c501283
_d501283